000 00567nam a2200241 a 4500
001 nice12345678
003 IN_TiNIC
005 20260116011651.0
008 050524s1937 teha grs 000 0 31g
020 _a
_c0
082 0 0 _a231.74
_bLEV
100 _aLevonian, Lotfi
245 _aIlham
260 _aTehran
_bBrukhim Press
_c1937
300 _a19p
500 _aincludes index and biblioraphy
505 2 _aHand Written Manuscript
650 _aRevelation-Christian
700 1 _aLevonian, Lotfi
902 _bSRS
942 _cPS
999 _c3267
_d3267